[Event "127th NZ Congress 2020"]
[Site "Tauranga"]
[Date "2020.01.22"]
[Round "9.5"]
[White "Fulo, Nunilon III"]
[Black "Hague, Ben"]
[Result "0-1"]
[WhiteElo "2017"]
[BlackElo "2399"]
[Annotator "TA"]
[PlyCount "42"]
[EventDate "2020.01.14"]
[EventType "swiss"]
[EventCountry "NZL"]
[SourceTitle "playchess.com"]
[Source "ChessBase"]
[SourceQuality "1"]

{[%evp 14,64,22,33,31,0,0,-46,-40,-40,-22,-40,-31,-42,0,0,0,-35,-29,-44,-35,-33,-45,-46,-48,-224,-224,-232,-204,-114,-69,-345,-337,-310,-300,-401,-386,-695,-700,-668,-687,-689,-667,-1015,-730,-1109,-733,-29994,-1083,-29996,-29996,-29997,-29998]} 1. e4 c5 2. Nf3 Nc6 3. d4 cxd4 4. Nxd4 e5 5. Nb5 d6 6. c4 Be7 7. N1c3 a6 8. Na3 f5 {B32: Sicilian: Löwenthal and Kalashnikov Variations} (8... Be6 9. Nc2 Rc8 10. Be2 Na5 11. b3 b5 12. Ne3 bxc4 13. Ned5 Nf6 14. Be3 Bxd5 15. Nxd5 Nxd5 16. Qxd5 O-O 17. O-O cxb3 18. Bxa6 {1-0 (57) Nihal,S (2610)-Cori,J (2676) Khanty-Mansiysk 2019}) 9. Nd5 Nf6 10. Nxe7 (10. exf5 {seems wilder.} Bxf5 11. Bd3 Be6 12. Nxf6+ Bxf6 13. O-O) 10... Qxe7 {Black is slightly better.} 11. exf5 Bxf5 12. Be2 $146 ({Predecessor:} 12. Bd3 Be6 13. O-O O-O 14. Nc2 Rad8 15. b3 Qf7 16. f4 {½-½ (35) Takacs,L (2110)-Janko,M (2280) Slovakia 2015}) 12... O-O 13. O-O Kh8 14. Nc2 Rad8 15. Ne3 Be6 $36 {[%mdl 2048] Black fights for an advantage.} 16. b3 d5 17. cxd5 Nxd5 18. Nxd5 Bxd5 19. Qc2 $2 (19. Qe1 $15) 19... Nd4 $19 20. Qb2 Rc8 {aiming for ...Rc2.} 21. Bd1 (21. Be3 $19 Rc2 22. Bxd4) 21... Qh4 {Played: Qe7-f6} 0-1

[Event "127th NZ Congress 2020"]
[Site "Tauranga"]
[Date "2020.01.22"]
[Round "9.6"]
[White "Pinic, Noel"]
[Black "Garbett, Paul Anthony"]
[Result "0-1"]
[WhiteElo "2054"]
[BlackElo "2185"]
[Annotator "TA"]
[PlyCount "100"]
[EventDate "2020.01.14"]
[EventType "swiss"]
[EventCountry "NZL"]
[SourceTitle "playchess.com"]
[Source "ChessBase"]
[SourceQuality "1"]

{[%evp 19,100,-34,0,-28,0,0,0,0,7,-32,-46,-40,-33,-38,-45,-45,-32,-143,-146,-132,-139,-135,-119,-254,-208,-326,-329,-372,-382,-381,-252,-557,-543,-620,-399,-412,-395,-407,-397,-371,-402,-526,-495,-502,-428,-597,-622,-704,-708,-595,-457,-713,-707,-700,-670,-630,-634,-600,-481,-591,-590,-572,-555,-592,-592,-661,-657,-648,-510,-646,-622,-647,-640,-635,-629,-686,-683,-675,-675,-973,-963,-12834,-12824]} 1. Nc3 c5 2. e4 a6 3. a4 Nc6 4. f4 g6 5. Nf3 Bg7 6. Bc4 e6 7. O-O Nge7 8. d3 d5 9. Bb3 O-O 10. Qe1 Rb8 11. Qh4 {B23: Closed Sicilian: Lines without g3} (11. f5 dxe4 12. dxe4 exf5 13. Qh4 h5 14. Bg5 c4 15. Bxc4 Qb6+ 16. Kh1 Qxb2 17. Nd5 Nxd5 18. exd5 Na5 {1-0 (37) Mitkov,N (2515)-Georgiev,V (2532) Bolingbrook 2005}) 11... f5 12. e5 b5 13. axb5 {The position is equal.} axb5 14. Ne2 $146 ({Predecessor:} 14. Ng5 h6 15. Nf3 c4 16. dxc4 bxc4 17. Ba4 Bd7 18. Ne2 Qb6+ {0-1 (54) Ehr,J-Visanescu,D (1873) Mureck 2009}) 14... c4 $1 {[%cal Rc4b3]} 15. Ba2 Ra8 16. Be3 Nb4 $1 {[%csl LRa2,LRc2,LRd3][%cal Bc6b4,Bb4c2,Bc2e3,Be3g4][%mdl 32]} 17. Bc5 {[%mdl 64] [#] Double Attack} Nec6 $36 {[%mdl 2048] Black has some pressure.} 18. Bxf8 (18. Ng5 $2 h6 $19) (18. dxc4 $1 $15 bxc4 19. c3 (19. Ng5 h6 $17) 19... Qxh4 20. Nxh4) 18... Qxh4 $17 19. Nxh4 Bxf8 20. dxc4 bxc4 21. c3 (21. Bxc4 $17 {was necessary.} Rxa1 22. Rxa1 dxc4 23. c3 Bc5+ 24. Kf1) 21... Nc2 $19 ({Stronger than} 21... Rxa2 22. Rxa2 Nxa2 23. Ra1 $14) ({Inferior is} 21... Nxa2 22. Nc1 $15) 22. Rac1 (22. Nf3 $142) 22... Bc5+ ({Worse is} 22... Rxa2 23. Rxc2 Bc5+ 24. Kh1 $16) 23. Kh1 Ne3 24. Rfe1 Ng4 25. g3 $2 (25. b4 cxb3 26. Bxb3 Nf2+ 27. Kg1) 25... Rxa2 26. Rb1 Nf2+ 27. Kg2 Nd3 28. Red1 g5 29. Nf3 g4 30. Ne1 Nf2 {Black is clearly winning.} 31. Rd2 Bb7 32. Nc1 Ne4 33. Nxa2 {[#] Hoping for Rdd1.} Nxd2 34. Rd1 Nb3 35. h3 (35. h4 $142) 35... d4 {Strongly threatening ...Nb4+.} 36. Kh2 d3 37. Nxd3 cxd3 38. Rxd3 Bc8 39. Nb4 Bxb4 40. cxb4 Nbd4 41. hxg4 fxg4 42. Kg2 Kf7 43. Kf2 Ke7 44. Ke3 Nc2+ 45. Kf2 N2xb4 46. Rd1 Ba6 47. Ke3 Nd5+ 48. Kf2 Ncb4 49. Rd4 Bd3 50. b3 Kd7 {Accuracy: White = 30%, Black = 92%.} 0-1

[Event "127th NZ Congress 2020"]
[Site "Tauranga"]
[Date "2020.01.22"]
[Round "9.7"]
[White "Dive, Russell John"]
[Black "Gong, Daniel Hanwen"]
[Result "1-0"]
[WhiteElo "2283"]
[BlackElo "2276"]
[Annotator "TA"]
[PlyCount "61"]
[EventDate "2020.01.14"]
[EventType "swiss"]
[EventCountry "NZL"]
[SourceTitle "playchess.com"]
[Source "ChessBase"]
[SourceQuality "1"]

{[%evp 15,61,64,59,50,58,45,60,30,41,45,44,44,25,43,44,52,87,67,72,70,97,48,45,20,74,66,142,114,114,70,96,31,97,95,105,99,93,93,100,106,125,118,118,136,302,293,656,652]} 1. Nf3 Nf6 2. c4 c5 3. Nc3 e6 4. e4 d6 5. d4 cxd4 6. Nxd4 a6 7. Be2 Qc7 8. O-O b6 9. Re1 {B41: Sicilian: Kan Variation: 5 c4} (9. Be3 Bb7 10. f3 Be7 11. Qd2 O-O 12. Rfc1 Rc8 13. Kh1 Nbd7 14. a4 Rab8 15. b4 Qd8 16. Nb3 Ba8 17. a5 bxa5 18. Nxa5 Rxb4 19. Nb5 axb5 20. Qxb4 bxc4 21. Rxc4 {1-0 (99) Duda,J (2671)-Artemiev,V (2653) Martuni 2016}) 9... Bb7 10. Bf1 Nbd7 11. h3 $146 {White is slightly better.} ({Predecessor:} 11. b3 Be7 12. Bb2 O-O 13. g3 {½-½ (72) Myo,N (2516)-Vijayalakshmi,S (2414) Kuala Lumpur 2005}) 11... Be7 12. Qc2 O-O 13. Be3 Rac8 14. Rac1 Rfe8 15. f3 d5 16. exd5 exd5 17. cxd5 Bc5 {[#] And now ...Rxe3! would win.} 18. Bf2 Rxe1 19. Rxe1 Qf4 (19... b5 $11) 20. Qf5 $16 Qd2 (20... Qc7 $14) 21. Re2 $36 {[%mdl 2048] White is on the roll.} Qh6 22. Qd3 Qf4 23. Nc6 (23. Be3 $16 Qc7 24. Nf5) 23... Bxc6 (23... Bxf2+ $1 $14 24. Kxf2 (24. Rxf2 Qd6 $14) 24... Bxc6 25. dxc6 Nc5) 24. dxc6 Bxf2+ 25. Rxf2 Nc5 26. Qd2 Qxd2 27. Rxd2 b5 28. a4 bxa4 29. Nxa4 Nxa4 $2 {[#]} (29... Ne6 $16) 30. c7 $1 $18 ({Don't take} 30. Bxa6 $6 Re8 $16) 30... Ne8 $2 (30... Re8 31. Rd6 (31. Bxa6 Nb6 $16) 31... Kf8 32. Bxa6 Ke7) 31. Rd8 {Accuracy: White = 57%, Black = 30%.} 1-0

[Event "127th NZ Congress 2020"]
[Site "Tauranga"]
[Date "2020.01.22"]
[Round "9.8"]
[White "Bennett, Hilton"]
[Black "Reilly, Tim"]
[Result "0-1"]
[WhiteElo "1913"]
[BlackElo "2098"]
[Annotator "NA"]
[PlyCount "50"]
[EventDate "2020.01.14"]
[EventType "swiss"]
[EventCountry "NZL"]
[SourceTitle "playchess.com"]
[Source "ChessBase"]
[SourceQuality "1"]
[TimeControl "40/5400+30:1800+30"]

{[%evp 8,50,36,43,52,48,66,-3,27,0,19,0,-10,-42,-17,-18,35,26,22,-59,-20,-54,-25,-35,-35,-87,-86,-75,-85,-91,-66,-79,-75,-189,-213,32767,32767,-573,-684,-633,-711,-641,-617,-578,-394]} 1. e4 {[%emt 0:13:05]} d6 {[%emt 0:00:00]} 2. d4 {[%emt 0:00:21]} g6 {[%emt 0:00:00]} 3. Nc3 {[%emt 0:00:18]} Bg7 {[%emt 0:00:06]} 4. f4 {[%emt 0:00:32]} Nf6 {[%emt 0:00:48]} 5. Nf3 {[%emt 0:00:12]} c5 {[%emt 0:00:24]} 6. Bb5+ {[%emt 0:00:44]} Bd7 {[%emt 0:00:07]} 7. Bxd7+ {[%emt 0:06:51]} (7. e5 $5 {[%cal Re5f6]} Ng4 8. Bxd7+ Qxd7 9. h3 cxd4 10. Qxd4 $14) 7... Nbxd7 {[%emt 0:00:08]} 8. d5 {[%emt 0:01:03] B09: Pirc Defence: Austrian Attack} O-O {[%emt 0:00:24]} 9. O-O {[%emt 0:00:09]} b5 {[%emt 0:19:49]} 10. Qe2 {[%emt 0:02:08]} (10. Qe1 b4 11. Nd1 Re8 12. e5 Nxd5 13. e6 Nf8 14. exf7+ Kxf7 15. Ng5+ Kg8 {0-1 (49) Piorun,K (2633)-Duda,J (2724) Brest 2018}) 10... b4 {[%emt 0:04:15]} 11. Nd1 {[%emt 0:03:37]} e6 {[%emt 0:00:14]} (11... Re8 $11) 12. dxe6 {[%emt 0:06:20]} fxe6 {[%emt 0:00:07]} 13. e5 $146 {[%emt 0:09:37]} (13. a3 $11) ({Predecessor:} 13. Nf2 Nb6 14. a3 a5 15. axb4 axb4 16. Rxa8 Qxa8 {0-1 (45) Marinkov,S (1961)-Sorgic,D (2265) Belgrade 2011}) 13... dxe5 {[%emt 0:00:19]} 14. fxe5 {[%emt 0:11:11]} Ng4 {[%emt 0:26:26]} 15. Bg5 {[%emt 0:06:54]} Qb6 {[%emt 0:01:01]} 16. Ne3 {[%emt 0:03:43]} (16. Nf2 $1 $11 c4 17. Rad1 Ndxe5 18. Nxe5 Nxe5 19. Kh1) 16... Ngxe5 {[%emt 0:02:27]} 17. Rad1 {[%emt 0:05:06]} Nxf3+ {[%emt 0:04:10]} 18. Rxf3 {[%emt 0:00:14]} Ne5 {[%emt 0:01:17]} 19. Rxf8+ {[%emt 0:00:47]} Rxf8 {[%emt 0:00:21]} 20. Nc4 {[%emt 0:02:19]} (20. Be7 $15 Re8 21. Bh4) 20... Nxc4 {[%emt 0:02:14]} 21. Qxc4 {[%emt 0:00:03]} Bxb2 {[%emt 0:02:13]} 22. Rd7 $2 {[%emt 0:09:23]} (22. Be3) 22... Bd4+ {[%emt 0:05:29]} 23. Kh1 {[%emt 0:00:04] [#]} Qc6 $1 {[%emt 0:01:52]} 24. Rd8 {[%emt 0:08:28]} Rxd8 {[%emt 0:03:02]} 25. Bxd8 $19 {[%emt 0:00:09]} Qd5 {[%emt 0:00:20]} 0-1

[Event "127th NZ Congress 2020"]
[Site "Tauranga"]
[Date "2020.01.22"]
[Round "9.9"]
[White "Smith, Robert W"]
[Black "Ning, Isabelle Yixuan"]
[Result "1-0"]
[WhiteElo "2160"]
[BlackElo "1662"]
[Annotator "TA"]
[PlyCount "85"]
[EventDate "2020.01.14"]
[EventType "swiss"]
[EventCountry "NZL"]
[SourceTitle "playchess.com"]
[Source "ChessBase"]
[SourceQuality "1"]

{[%evp 11,85,0,25,0,6,0,0,0,0,0,0,-14,13,0,5,0,0,0,16,4,20,0,0,0,53,52,70,2,35,12,82,81,91,92,153,110,191,114,102,89,105,0,36,30,97,87,162,168,170,173,210,197,837,837,825,822,812,790,943,977,956,961,1732,1619,2246,2223,12828,12830,2947,2936,29971,29972,29992,29993,29993,29984]} 1. e4 c5 2. d3 Nc6 3. g3 d6 4. Bg2 g6 5. f4 Bg7 6. Nf3 e5 7. fxe5 {B20: Sicilian: Unusual White 2nd moves} (7. O-O Nge7 8. c3 O-O 9. Na3 h6 10. f5 gxf5 11. Nh4 f4 12. gxf4 Ng6 13. Nf5 Bxf5 14. exf5 Nxf4 15. Bxf4 exf4 16. Rxf4 Qf6 17. Nc4 Rae8 {1-0 (39) Morozevich,A (2665)-Rozum,I (2586) Sochi 2017}) 7... dxe5 8. O-O Nge7 9. Be3 {The position is equal.} b6 10. Qd2 O-O 11. Nc3 Ba6 $146 ({Predecessor:} 11... Nd4 12. Bh6 f6 13. Bxg7 Kxg7 14. Nh4 Be6 15. Rf2 {0-1 (52) Petakov,U (2358)-Popovic,D (2564) Novi Sad 2010}) 12. b3 Qd6 13. Rae1 Rad8 14. Nd5 Nxd5 15. exd5 Ne7 16. c4 Nf5 17. Bf2 Rfe8 (17... Nd4 $11) 18. g4 Nd4 19. Bg3 (19. Ng5 $14 Bh6 20. Be3) 19... Nxf3+ 20. Rxf3 b5 (20... f6 $11 {remains equal.}) 21. g5 bxc4 22. dxc4 Qe7 ({Black should try} 22... Bc8) 23. Rd3 Bc8 (23... Qd6 $16) 24. Be4 (24. d6 $18 Qd7 25. Bf2) 24... Bf5 25. Rf3 Qd7 26. Rd3 (26. Bf2 $16) 26... Bxe4 27. Rxe4 Qf5 (27... h6 $11) 28. Qe3 $16 f6 (28... a5 $16 {was worth a try.}) 29. gxf6 $18 Bxf6 30. Rd1 Bg5 31. Qe2 Bf6 $2 {[#]} (31... Qd7 32. Bxe5 Re7) 32. Rf1 Qg5 33. Rg4 Qh5 34. Rxf6 Rf8 35. Rxf8+ Rxf8 36. Re4 Qf5 37. Rxe5 Qf6 38. Re8 Qd4+ 39. Kg2 {[#] White wants to mate with Rxf8+.} Qf6 40. Rxf8+ Qxf8 41. Qe6+ {White mates.} Kg7 42. Be5+ Kh6 43. Qf6 {Accuracy: White = 45%, Black = 28%.} 1-0

[Event "127th NZ Congress 2020"]
[Site "Tauranga"]
[Date "2020.01.22"]
[Round "9.10"]
[White "Dowden, R.A. Tony"]
[Black "Winter, Ryan"]
[Result "1/2-1/2"]
[WhiteElo "2056"]
[BlackElo "1862"]
[Annotator "NA RC"]
[PlyCount "27"]
[EventDate "2020.01.14"]
[EventType "swiss"]
[EventCountry "NZL"]
[SourceTitle "playchess.com"]
[Source "ChessBase"]
[SourceQuality "1"]
[TimeControl "40/5400+30:1800+30"]

{[%evp 12,25,22,41,35,6,2,24,27,30,33,32,51,30,63,53]} 1. e4 {[%emt 0:00:00]} c6 {[%emt 0:00:49]} 2. Nc3 {[%emt 0:01:24]} d5 {[%emt 0:00:17]} 3. d4 {[%emt 0:00:06]} dxe4 {[%emt 0:01:39]} 4. Nxe4 {[%emt 0:00:07]} Bf5 {[%emt 0:00:36]} 5. Ng3 {[%emt 0:00:09]} Bg6 {[%emt 0:00:05]} 6. N1e2 {[%emt 0:00:24]} e6 {[%emt 0:03:09]} 7. Nf4 {[%emt 0:03:27]} Bd6 {[%emt 0:02:18]} 8. Nxg6 {[%emt 0:14:03]} hxg6 {[%emt 0:00:19]} 9. Ne4 {[%emt 0:03:25]} Be7 {[%emt 0:02:51]} 10. c3 {[%emt 0:05:00]} Nf6 {[%emt 0:06:42]} 11. Bd3 {[%emt 0:02:27]} Nxe4 {[%emt 0:06:04]} 12. Bxe4 {[%emt 0:01:32]} Qc7 $14 {[%emt 0:00:33]} 13. g3 {[%emt 0:10:43]} Nd7 {[%emt 0:01:55]} 14. Bf4 {[%emt 0:04:22]} 1/2-1/2